000 00409nam a22001577a 4500
005 20230118122601.0
008 190529b xxu||||| |||| 00| 0 eng d
020 _a978-93-81595-79-4
041 _aeng
100 _aBAVISKAR, DR. DHEERAJ T.
_94999
245 _aNOVEL DRUG DELIVERY SYSTEM (NDDS)
260 _aPUNE
_bNIRALI PRAKASHAN
300 _aP.2p,
650 _aPHARMACY
_xD.PHARMA
_97090
942 _cBK
999 _c5892
_d5890